[Event "It"]
[Site "München"]
[Date "1993.??.??"]
[Round "?"]
[White "Shirov, Alexei"]
[Black "Lutz, Christopher"]
[Result "1-0"]
[WhiteElo "2670"]
[BlackElo "2550"]
[Annotator "NN"]
[PlyCount "57"]
[EventDate "1993.??.??"]
[SourceDate "2003.04.06"]

{57/205} 1. e4 {Boensch} 1... c5 2. Nf3 d6 3. d4 cxd4 4. Nxd4 Nf6 5. Nc3 Nc6 6.
Bg5 e6 7. Qd2 a6 8. O-O-O h6 9. Be3 Be7 (9... Nxd4 {(Boensch) -CBM 36VC} 10.
Bxd4 b5 11. Bd3 Be7 12. f4 Bb7 13. Kb1 O-O 14. e5 $40 {
Mohr,G-Gostisa,L Ljubljana Pirc 1993 1-0 33}) 10. f3 Nxd4 11. Bxd4 e5 12. Be3
Be6 13. g4 (13. h4 Qa5 14. Kb1 Rc8 15. Nd5 Qxd2 16. Nxf6+ gxf6 17. Rxd2 f5 $11)
13... Qa5 {'N?!' Boensch.} (13... Rc8 {Boensch} 14. Nd5 Bxd5 15. exd5 e4 $1 16.
Bh3 exf3 17. g5 hxg5 18. Bxc8 Qxc8 19. Qd3 g4 $17 {
Ajapbergenov,A-Serper,G Bishek zt 1993 0-1 31}) 14. a3 (14. Kb1 Rc8 {} 15. h4
$2 Rxc3 16. Qxc3 Qxa2+ 17. Kc1 d5 $17) (14. Qf2 $1 {Boensch} 14... Nd7 15. Kb1
Rc8 16. Nd5 $16) 14... b5 $5 (14... Rc8 15. Bd3 $1 (15. h4 $2 Rxc3 16. Qxc3
Qxc3 17. bxc3 d5 $17) (15. Nd5 Qxd2+ 16. Rxd2 Nxd5 $1 17. exd5 Bd7 { >>g5} 18.
h4 f5 $1 $15) 15... d5 (15... Rxc3 16. Qxc3 Qxc3 17. bxc3 d5 18. g5 $1 Bxa3+
19. Kb1 $13) (15... b5 16. Kb1 $1 $13) 16. Nxd5 Qxd2+ 17. Rxd2 Nxd5 18. exd5
Bxd5 19. Bb5+ $1 Bc6 20. Bxc6+ Rxc6 $11) 15. h4 {N} (15. Kb1 {- 55/227}) 15...
b4 16. Nd5 (16. axb4 $2 Qa1+ 17. Nb1 Rc8 $1 (17... Ba2 $2 18. Qc3 $13) 18. Bd3
(18. c3 d5 19. g5 d4 20. gxf6 dxc3 21. bxc3 Bxb4 $19) 18... d5 $1 19. g5 d4 20.
gxf6 gxf6 $1 $19) 16... Bxd5 17. exd5 Rb8 18. Kb1 (18. Bc4 $2 Qc7) 18... Bd8 $2
(18... Qa4 19. b3 Qxa3 20. Bc4 $1 $44 { g5}) (18... Nd7 $1 19. Bd3 $1 Qa4 (
19... Nc5 $6 20. Bxc5 Qxc5 21. a4 $1 $14) (19... Qxd5 20. axb4 Qxf3 21. g5 $1
$44 {} 21... hxg5 22. Rhf1 Qg4 23. hxg5 Qxb4 24. c3 $40) 20. b3 (20. axb4 $6
Rxb4 21. c3 Rb7 22. Qc2 Qa5 { 0-0, <<fb8/^}) 20... Qxa3 21. g5 $44) 19. axb4
Rxb4 (19... Qxb4 20. Qxb4 Rxb4 21. Bxa6 $14) 20. Qc3 $1 O-O (20... Ra4 21. Qxa5
Rxa5 22. Bc4 $1 $16 {(+)<<a5}) (20... Rb8 21. Qxa5 {'!' Boensch.} (21. Qc6+ {
Boensch} 21... Nd7 22. Qxa6 Qc3 $13) 21... Bxa5 22. Bxa6 $14 Bc3 23. Bc1 $18)
21. Bd2 $1 (21. g5 $2 Nxd5 22. Rxd5 Qxd5 23. Qxb4 Qxf3 $19) 21... Ra4 $5 (21...
Nxd5 22. Qd3 $16 Bb6 23. Bxb4 Nxb4 24. Qa3 Qc5 25. c3 $18) 22. b4 $1 $16 {
(+)<<a4 '!!' Boensch.  Boensch: 'Ra4'} (22. Qxa5 $2 Bxa5 23. b3 Rb8 (23... Rd4
$19 {Boensch})) (22. b3 Qxc3 23. Bxc3 Rf4 24. Be2 a5 $132 {Lutz,Ch}) 22... Qc7
(22... Qxd5 23. Qb3 Qc6 24. b5 $18 axb5 25. Bxb5 $18) 23. Kb2 $1 (23. Qxc7 Bxc7
24. Kb2 Rb8 $1 25. Kb3 Ra5 $1 {} 26. c4 Nd7 $1 $132) (23. Qb3 Qd7 24. Bh3 Qe8
$14) 23... Nxd5 $2 (23... Qd7 $2 24. Qc6 $18) (23... a5 $5 24. Qxc7 Bxc7 25.
Kb3 Rxb4+ 26. Bxb4 axb4 27. Bb5 $16 Rb8 28. Bc6 $18) (23... Qb7 $1 24. Qb3 Qd7
25. Bh3 Qe8 26. Ra1 $1 Rxa1 27. Rxa1 $16 {(+)a6}) 24. Qxc7 Bxc7 25. Kb3 Nb6 26.
Be3 $1 $18 a5 $8 27. c3 $1 (27. Bxb6 $2 {Boensch} 27... Rxb4+ $19) 27... axb4
28. Bxb6 Ra3+ 29. Kxb4 $18 1-0

[Event "It"]
[Site "Wijk aan Zee"]
[Date "1993.??.??"]
[Round "?"]
[White "Shirov, Alexei"]
[Black "Oll, L."]
[Result "1-0"]
[WhiteElo "2670"]
[BlackElo "2585"]
[Annotator "NN"]
[PlyCount "65"]
[EventDate "1993.??.??"]
[SourceDate "2003.04.06"]

{56/274} 1. e4 c5 2. Nf3 d6 3. d4 Nf6 4. Nc3 cxd4 5. Nxd4 a6 6. Be3 Ng4 7. Bg5
h6 8. Bh4 g5 9. Bg3 Bg7 10. Qd2 {N} 10... Nc6 11. Nb3 Be6 12. h4 $1 (12. O-O-O
Nge5 {} 13. h4 g4 $13) 12... gxh4 13. Bxh4 Rc8 $1 14. O-O-O $1 Nb4 $1 (14...
Na5 15. Nd4 $14) (14... b5 15. Nd5 $14) 15. Kb1 Qb6 $1 (15... Bxb3 16. cxb3 $14
) 16. f3 a5 $4 (16... Rxc3 $2 17. bxc3 Nxa2 18. Kxa2 a5 19. fxg4 a4 20. Bf2 Qa5
(20... axb3+ 21. Kb2 Qb4 22. Bd4 $18) 21. c4 $1 axb3+ 22. Kxb3 $18) (16... Ne5
17. Bf2 Qc7 18. Bd4 $14) (16... Ne3 $1 17. Bf2 $8 Rxc3 $1 (17... Nxf1 18. Rhxf1
$14) 18. bxc3 Nxd1 19. Bxb6 Nxc3+ 20. Kc1 $8 Nbxa2+ 21. Kb2 Nxe4+ 22. Qd4 $8
Bxd4+ 23. Bxd4 Ng3 24. Bxh8 Nxh1 25. Kxa2 Ng3 26. Bd3 f6 $1 27. Bg7 Nf5 $1 28.
Bxf5 Bxf5 $11) 17. fxg4 Rxc3 18. bxc3 Nxa2 19. Bf2 $1 $18 Qc6 (19... Nxc3+ 20.
Qxc3) 20. Kxa2 a4 (20... Bxc3 21. Bb5) 21. Bd4 $1 (21. Kb2 $4 Bxc3+ 22. Qxc3
a3+) 21... axb3+ 22. cxb3 Qa4+ 23. Kb2 Qxb3+ (23... Bxb3 24. Ra1) 24. Kc1 Bxd4
25. Qxd4 Qa3+ (25... Rg8 26. Qb4) 26. Kd2 Rg8 27. Rxh6 Qb2+ 28. Ke3 Rxg4 29.
Qa4+ $1 Kd8 (29... Kf8 30. Qa8+) 30. Qa5+ b6 31. Rh8+ $1 Kc7 32. Qa7+ Kc6 33.
Qa8+ 1-0

[Event "Madrid"]
[Site "?"]
[Date "1994.??.??"]
[Round "?"]
[White "Shirov, Alexei"]
[Black "Magem Badals, J."]
[Result "1-0"]
[WhiteElo "2715"]
[BlackElo "2505"]
[Annotator "NN"]
[PlyCount "57"]
[EventDate "1994.??.??"]
[SourceDate "2003.04.06"]

{60/127} 1. e4 c6 2. d4 d5 3. e5 Bf5 4. Be2 e6 5. Nf3 c5 6. O-O Nc6 7. c3 cxd4
8. cxd4 Nge7 9. a3 Be4 10. Nbd2 Nf5 11. b4 a5 $6 (11... Qb6 12. Bb2 Rd8 $5 {
Magem Badals,J}) 12. g4 $3 Bxf3 {N} 13. Nxf3 Nh4 14. Nxh4 Qxh4 15. b5 Nb8 (
15... Ne7 16. Bf4 $1 {(+)1/4h4} 16... h5 (16... Ng6 17. Bg3 { f4-f5}) (16...
Nc8 17. b6 $1 $40) 17. Bg3 Qg5 (17... Qh3 18. gxh5 $16) 18. f4 Qg6 (18... Qh6
19. g5 Qg6 20. Bd3 Nf5 21. h4 $16 {(+)1/4g6}) 19. gxh5 $16) 16. f4 Be7 (16...
Nd7 17. b6 $1 $40) (16... Qd8 17. f5 Be7 18. fxe6 fxe6 19. Be3 Nd7 20. b6 $1
$40) 17. Be3 $2 (17. g5 h6 18. g6 $5 fxg6 19. Qd3 g5 $1 20. Qg6+ Kd7 $14) (17.
Kg2 Nd7 (17... Bd8 18. a4 $1 $18) 18. Rf3 $1 Bd8 19. a4 $16 {} (19. Rh3 Qe7
20. a4 $16) 19... Qxg4+ $2 20. Rg3 Qh4 21. Rh3 Qe7 22. Ba3 $18) 17... Nd7 18.
Kg2 Bd8 19. f5 Qe7 (19... O-O $142 20. Qd2 $1 $14 (20. Qd3 $6 Bb6 $1 21. Qd2
Qe7 $13)) 20. fxe6 fxe6 $2 (20... Qxe6 21. g5 Nb6 22. Bg4 Qe7 23. Qf3 O-O 24.
h4 $14) 21. b6 $1 $40 Rf8 (21... Bxb6 22. Bb5 {} 22... O-O-O $2 23. Qc1+ Kb8
24. Bg5 $18) 22. Qc2 $18 Rxf1 23. Rxf1 Bxb6 24. Bb5 g6 25. Qc1 $1 Qh4 26. h3
Bd8 27. a4 $6 (27. Bxd7+ $142 Kxd7 28. Rf7+ Ke8 29. Rxb7) 27... Be7 $6 (27...
Rb8 $8 28. Bh6 Be7 29. Qc7 Rd8 30. Bd2 $1 Bb4 (30... Ba3 31. Bxa5) 31. Qb6 $1
Qe7 (31... Ke7 32. Bxb4+ axb4 33. Qd6+) 32. Bg5 $1) 28. Qc7 Rd8 29. Qb6 1-0

[Event "Olm"]
[Site "Moscow"]
[Date "1994.??.??"]
[Round "?"]
[White "Shirov, Alexei"]
[Black "Yudasin, L."]
[Result "1-0"]
[WhiteElo "2740"]
[BlackElo "2625"]
[Annotator "NN"]
[PlyCount "71"]
[EventDate "1994.??.??"]
[SourceDate "2003.04.06"]

{63/478} 1. d4 Nf6 2. c4 e6 3. Nc3 Bb4 4. e3 c5 5. Nge2 cxd4 6. exd4 d5 7. c5
Ne4 8. Bd2 Nxd2 9. Qxd2 a5 10. a3 Bxc3 11. Nxc3 a4 12. Bd3 Bd7 13. O-O Nc6 14.
Bc2 (14. Rae1 $2 {- 57/536}) 14... Ne7 15. Rae1 $146 (15. Rfe1) (15. Qd1 $5 Qa5
16. Qg4 g6 17. Qg5 Qd8 $1 18. Qh6 Ng8 $13 {Yudasin,L}) 15... b6 $5 (15... O-O
16. Qd1 Qa5 17. Re3 $5) 16. Qd1 (16. Qg5 O-O 17. cxb6 Ng6 $1 $11) 16... bxc5
17. dxc5 Qa5 18. Qd4 (18. Nxd5 $2 exd5 19. Qxd5 Be6 20. Qg5 Ng6 21. f4 $140 O-O
) 18... O-O $1 19. Re3 (19. Bxh7+ $6 Kxh7 20. Qh4+ Kg8 21. Qxe7 Ra7 $1 {
(/\ Bb5)} 22. Qd6 Rd8 $15) 19... f5 $2 {^D} (19... Rfc8 $1 {(Yudasin)} 20. Rh3
$1 (20. Bxh7+ $6 Kxh7 21. Qh4+ Kg8 22. Qxe7 Qd8 $1 $15) 20... Ng6 21. Bxg6 hxg6
(21... fxg6 22. Ne4 $1 $13) 22. Qh4 f6 23. Qh7+ Kf7 24. Rh6 $1 Rg8 25. Rxg6
Qxc5 26. Qh5 $1 Rac8 $1 $13) 20. Bxa4 $1 Bxa4 21. Rxe6 $16 Ng6 (21... Nc6 22.
Qxd5 $16) 22. b4 $1 (22. Qxd5 $2 Nf4) (22. Nxd5 $6 Bb3) 22... Qa7 23. b5 Qa5
24. b6 Be8 (24... Bb3 25. a4 $5 $16) 25. Nxd5 $5 (25. b7 Rb8 26. Rb6 $1 $16)
25... Bf7 26. Rxg6 $5 Bxg6 $8 27. c6 $44 Rae8 $1 28. b7 Bf7 (28... Re1 29. h3
$1 Rxf1+ 30. Kxf1 Re8 31. Kg1 $18 {Yudasin,L}) 29. Nb6 Be6 (29... Re1 30. Qb4
$1 Rxf1+ 31. Kxf1 Qa6+ 32. Kg1 $18) 30. h4 (30. a4 $5 Rd8 31. Qb2 $16) 30...
Qxa3 31. Rb1 $16 Rd8 $2 $138 (31... Qa7 32. Qd6 $1 Qb8 33. Nc8 $1 Rxc8 34.
Qxe6+ Kh8 35. bxc8=Q $18) (31... Qa2 32. Rb4 $16) 32. Qxd8 Rxd8 33. c7 $18 Rf8
(33... Qd6 34. cxd8=Q+ Qxd8 35. Nc8 Bxc8 36. b8=Q) 34. b8=Q f4 $6 35. Re1 Qd6
36. c8=Q (36. c8=Q Qxb8 37. Qxe6+ {/\ Nd7}) 1-0

[Event "It"]
[Site "Pardubice"]
[Date "1994.??.??"]
[Round "?"]
[White "Shirov, Alexei"]
[Black "Polgar, Zsu"]
[Result "1-0"]
[WhiteElo "2740"]
[BlackElo "2550"]
[Annotator "NN"]
[PlyCount "67"]
[EventDate "1994.??.??"]
[SourceDate "2003.04.06"]

{61/294} 1. e4 e6 2. d4 d5 3. Nc3 Bb4 4. e5 c5 5. a3 Bxc3+ 6. bxc3 Ne7 7. Nf3
Bd7 8. dxc5 Qc7 9. Bd3 Ba4 (9... Na6 $5 10. Bxa6 bxa6 11. O-O Qxc5 12. a4 Qxc3
13. Ba3 Nf5 $13) 10. Rb1 Nec6 (10... Nd7 11. Rb4 Bc6 (11... Nxc5 $4 12. Rxa4
$16) 12. O-O {- 24/234} (12. Be3 $14)) 11. O-O Nd7 12. Be3 h6 {N} (12... Ndxe5
13. Nxe5 Nxe5 14. Bf4 $140 $16 f6 {- 30/228} (14... O-O-O $6 15. Qe2 f6 16. Ba6
Bc6 17. Rxb7 Bxb7 18. Rb1 $18)) 13. Re1 $16 O-O-O (13... O-O 14. Qd2 Ndxe5 15.
Nxe5 Nxe5 16. Bxh6 $1 $16) 14. Rb4 $5 (14. Qe2 $1 { <<b4}) 14... Nxb4 15. axb4
a6 16. Nd4 $1 Nb8 $6 (16... Bc6 $142 17. f4 $140 $1 $16 g6 18. Bxg6 fxg6 19.
Nxe6 Qb8 20. Nxd8 Kxd8 (20... Rxd8 21. Qg4 Qc7 22. Bd4 $18) 21. Bd4 $1 $18 {
 e6}) 17. Qa1 $2 (17. b5 axb5 18. Bxb5 Bxb5 19. Nxb5 Qxe5 (19... Qa5 20. Qb1
$1 { 1/4b2+-}) 20. Bd4 $1 Qg5 21. Na7+ Kd7 (21... Kc7 22. Be5+ Kd7 23. Qb1 $18
) 22. Qb1 $18) 17... Bc6 18. f4 g6 $1 19. Bf2 $5 (19. Rb1 Kd7 $1) (19. Qd1 $5
$16) 19... Rhg8 (19... Kd7 20. Bh4 $1 Rde8 (20... Rc8 $2 21. f5 $1 gxf5 22.
Nxf5 exf5 23. Bxf5+ Ke8 24. Bg3 $1 { e6!/^}) 21. Bf6 Rhg8 22. Rb1 Rc8 23. Qa3
$1 $16) 20. Rb1 $6 (20. Qd1 $142 $16) 20... Kd7 21. Bh4 Rc8 $1 (21... g5 $2 22.
fxg5 hxg5 (22... Qxe5 23. g6 $1) 23. Bg3 $16) 22. Bf6 $5 Ke8 (22... b5 $2 23.
cxb6 Qxb6 24. Bh4 $16) 23. b5 axb5 24. Nxb5 Bxb5 25. Bxb5+ Nc6 $2 (25... Nd7 $2
26. Qa4 $1 Qxc5+ 27. Kh1 Qc7 28. c4 $1 $18) (25... Kf8 $1 26. c6 $1 bxc6 27.
Qa3+ c5 $1 (27... Ke8 $2 28. Ba4 $18 { 29. <<b8 <<b8 30. >>c6 1/4c6 31. 1/4e7#
}) 28. c4 $1 (28. Ba6 $6 Qa7 29. Rb7 Qa8 $1 $11) 28... dxc4 $1 (28... Rg7 $2
29. cxd5 exd5 30. Rd1 $1 Qb7 31. c4 $1 $16) 29. Bxc4 Rg7 30. Qa8 Nd7 31. Bxg7+
Kxg7 32. Qb7 $14) 26. Qa7 $1 { >>c6, <<b7} 26... Kd7 27. Bxc6+ Qxc6 28. Rb6 $1
(28. Kh1 $6 Rb8 $1 29. Rb6 Qc7) 28... Qxc5+ 29. Kh1 $18 Ke8 30. Qxb7 {
 <<d6, <<b5} 30... Rc7 31. Qa6 $1 Rc8 32. Qa4+ Kf8 33. Rb7 Rg7 (33... Qxc3 34.
Rxf7+ Kxf7 35. Qd7+) 34. Qd7 1-0

[Event "It"]
[Site "Beograd"]
[Date "1995.??.??"]
[Round "?"]
[White "Shirov, Alexei"]
[Black "Leko, P."]
[Result "1-0"]
[WhiteElo "2695"]
[BlackElo "2605"]
[Annotator "NN"]
[PlyCount "65"]
[EventDate "1995.??.??"]
[SourceDate "2003.04.06"]

{65/341} 1. e4 e5 2. Nf3 Nc6 3. Bb5 a6 4. Ba4 Nf6 5. O-O Be7 6. Re1 b5 7. Bb3
d6 8. c3 O-O 9. h3 Bb7 10. d4 Re8 11. Ng5 Rf8 12. Nf3 Re8 13. a4 h6 14. Nbd2
Bf8 15. Bc2 exd4 16. cxd4 Nb4 17. Bb1 c5 18. d5 Nd7 19. Ra3 f5 20. exf5 (20.
Nh2 {- 65/(341)}) 20... Bxd5 21. Rxe8 (21. Ne4 {- 58/374}) 21... Qxe8 22. Re3
$146 (22. Nh4) 22... Qf7 23. Ne4 bxa4 $5 (23... Bxe4 24. Rxe4 Nf6 25. Re6 Re8
26. axb5 Rxe6 (26... axb5 27. Qe2 $14) 27. fxe6 Qxe6 28. bxa6 Nxa6 $14) 24.
Nfg5 $5 (24. Qxa4 $142 Re8 (24... Bc6 $2 25. Qd1 d5 26. Neg5 $1 hxg5 27. Nxg5
Qf6 28. Re6 Qd4 29. Qh5 $18) 25. Bd2 $1 (25. Neg5 $2 hxg5 26. Nxg5 Rxe3 27.
Nxf7 Re1+ 28. Kh2 Bxf7 $19) 25... Bxe4 26. Bxe4 d5 27. Bb1 Rxe3 28. fxe3 Nb6
$13) 24... hxg5 (24... Qxf5 $6 25. Bd2 $1 (25. Nh7 $6 {Sulipa} 25... Qf7 $1 (
25... Qxh7 $2 26. Nc3 $16) 26. Nxf8 (26. Rg3 Kh8) 26... Rxf8 $15) 25... Bc6 (
25... Bb3 26. Rxb3 axb3 27. Bxb4 cxb4 (27... hxg5 28. Nxc5 $18) (27... Nb6 28.
Bc3 $18) 28. Nxd6 $18) (25... hxg5 26. Bxb4 cxb4 27. Nf6+ Qxf6 28. Qxd5+ Kh8
29. Qxa8 $18) 26. Nh7 $3 Qf7 (26... Qd5 27. Nhf6+ $3 Nxf6 (27... gxf6 28. Qg4+
Kh8 29. Rg3 Qf7 30. Qh4 h5 31. Bc3 Bg7 32. Nxd6 Qd5 33. Nf5 Qd1+ 34. Kh2 $18)
28. Nxf6+ gxf6 29. Qg4+ Qg5 (29... Kh8 30. Rg3 Qf7 31. Qh4 $18) 30. Qe6+ Kh8
31. Rg3 Bd5 (31... Re8 32. Qf7 $18) 32. Bxg5 Bxe6 33. Bxf6+ $18) (26... Qxh7
27. Nxd6 $1 g6 28. Bxb4 $1 (28. Re6 $2 Ne5 $1 29. Rxe5 Rd8 30. Bxb4 Rxd6 $1 31.
Ba2+ Kh8 $17) 28... cxb4 29. Qd4 $1 Qg7 (29... Ne5 30. Rxe5 Qd7 31. Qc4+ Kh8
32. Re6 $1 Bg7 (32... Bxd6 33. Rxg6 $18) (32... Bb5 33. Qe4 $18) 33. Rxg6 Rf8
34. Bf5 $18) 30. Qc4+ Kh7 (30... Kh8 31. Nf7+ Kh7 32. Rg3 $1 $18) 31. Qxc6 Rd8
32. Qc7 Qxb2 33. Bxg6+ $1 Kxg6 34. Rg3+ Kh5 (34... Kh7 35. Qxd8 $18) 35. Nb7 $1
(35. Qxd8 $2 Qc1+ 36. Kh2 Bxd6 37. Qe8+ Kh4 38. Qxd7 Qf4 $1 $13) 35... Ne5 36.
Nxd8 Qb1+ 37. Kh2 Qf5 38. Nc6 Nxc6 39. Qxc6 Qf4 40. Kg1 $18) 27. Rg3 d5 (27...
Kh8 28. Nxf8 Bxe4 (28... Rxf8 29. Bc3 $18) 29. Nxd7 Bxb1 30. Bc3 Qxd7 31. Qxb1
Re8 32. Rxg7 Qxg7 33. Bxg7+ Kxg7 34. Qd1 $18) 28. Nxf8 Rxf8 29. Bxh6 dxe4 30.
Rxg7+ Qxg7 31. Bxg7 Kxg7 32. Qg4+ $14) 25. Nxg5 Qf6 $4 (25... Bb3 26. Qf3 Bd5 (
26... Qd5 $2 27. Be4) 27. Qd1 (27. Qe2 Bc4 28. Qg4 $140 $2 Nf6 29. Qh4 Qd5 30.
Re6 Qd1+ 31. Kh2 Bxe6 32. fxe6 Qh5 $19) 27... Bb3 $11) 26. Re6 $1 Bxe6 27. fxe6
g6 (27... Ne5 28. Qh5 Qh6 29. Bh7+ Kh8 30. Nf7+ Nxf7 31. Bxh6 Nxh6 32. Bb1 c4
33. g4 Nd3 34. g5 $18) 28. exd7 Rd8 29. Qg4 $5 (29. Ba2+ $1 Nxa2 30. Qd5+ Kh8
31. Nf7+ Kg7 32. Bh6+ $1 Kh7 33. Bg5 $18) 29... Be7 30. h4 $1 $18 (30. Ne6 Kf7
$16) 30... d5 31. Nf3 Kg7 32. Bg5 Qxb2 (32... Qd6 33. Bf4) 33. Bh6+ 1-0

[Event "Leon"]
[Site "?"]
[Date "1995.??.??"]
[Round "?"]
[White "Shirov, Alexei"]
[Black "Adams, Michael"]
[Result "1-0"]
[WhiteElo "2710"]
[BlackElo "2655"]
[Annotator "NN"]
[PlyCount "51"]
[EventDate "1995.??.??"]
[SourceDate "2003.04.06"]

{63/479} 1. d4 Nf6 2. c4 e6 3. Nc3 Bb4 4. e3 b6 5. Nge2 Ne4 6. Bd2 Nxd2 7. Qxd2
Bb7 8. d5 Na6 9. a3 $5 $146 (9. g3 {- 60/514}) 9... Bxc3 10. Nxc3 Nc5 11. Rd1
a5 12. b4 axb4 13. axb4 Na6 $1 (13... Na4 14. Nb5 $14) 14. Nb5 O-O 15. Be2 Qe7
(15... exd5 $5 16. cxd5 Qe7 17. d6 cxd6 $13 18. Nxd6 $140 Bxg2 19. Rg1 Bh3 20.
Qd4 g6 $13) 16. d6 $1 Qg5 (16... cxd6 17. Qxd6 Qxd6 (17... Qg5 18. Rg1 $14) 18.
Nxd6 Bxg2 19. Rg1 Bh3 20. Rg3 Bf5 21. e4 Bg6 22. f4 f5 23. e5 Nxb4 24. Rb3 $44)
17. dxc7 Qxg2 18. Rf1 Qxh2 $6 (18... Bc6 $2 19. c8=Q Rfxc8 20. Nd6 $16) (18...
d5 $1 19. Rc1 $1 $13) 19. Qd6 $1 Qh6 $2 (19... Qg2 20. Qxb6 (20. Rd4 $6 Qc6)
20... Nxb4 21. Na7 $1 $14) 20. Rg1 $1 Bc6 (20... Qf6 21. Qxb6 Nxb4 22. Qxb7
Nc2+ 23. Kd2 $18) 21. Nd4 Nxb4 $2 (21... Be4 22. Qxb6 Qh2 23. Rg3 h5 24. Qd6
$18) 22. Qxb4 Qh2 23. Rg3 Rfc8 24. Nxc6 Qh1+ 25. Bf1 dxc6 26. Qe7 1-0

[Event "Ljubljana"]
[Site "?"]
[Date "1995.??.??"]
[Round "?"]
[White "Shirov, Alexei"]
[Black "Leko, P."]
[Result "1-0"]
[WhiteElo "2695"]
[BlackElo "2605"]
[Annotator "NN"]
[PlyCount "98"]
[EventDate "1995.??.??"]
[SourceDate "2003.04.06"]

{65/343} 1. e4 e5 2. Nf3 Nc6 3. Bb5 a6 4. Ba4 Nf6 5. O-O Be7 6. Re1 b5 7. Bb3
d6 8. c3 O-O 9. h3 Nb8 10. d4 Nbd7 11. Nbd2 Bb7 12. Bc2 Re8 13. a4 Bf8 14. b4
Nb6 15. a5 Nbd7 16. Bb2 Rb8 17. Rb1 h6 18. Ba1 Ba8 19. Re3 (19. dxe5 {- 45/420}
) 19... g6 (19... Nh7 $5) 20. Qe2 $146 (20. c4) 20... c6 (20... Bg7 21. d5 c6
$11) 21. c4 Bg7 $2 (21... bxc4 22. dxe5 $14) (21... exd4 $1 22. Bxd4 bxc4 23.
Nxc4 d5 $11) 22. dxe5 dxe5 23. c5 $16 Nh5 $6 (23... Bb7 $142 24. Rd3 Qc7 $16)
24. g3 Qc7 25. Rd3 Rbd8 (25... Nf8 26. Nf1 Ne6 27. Rd6 $16) 26. Rd1 Nf8 27. Nf1
Rxd3 28. Qxd3 Nf6 (28... Qc8 29. Kh2 $18) 29. Ne3 Bb7 30. Kg2 Qb8 31. Bb2 Qc7
32. Bb3 Re7 $6 (32... Qb8 33. Ng4 $5 (33. Bxf7+ $5 Kxf7 34. Qb3+ $40) 33...
Nxg4 34. hxg4 $16) 33. Qd8 $1 (33. Qd6 Nxe4 34. Qxc7 Rxc7 35. Bxe5 Rd7 $1 {
Leko,P} (35... Bxe5 36. Nxe5 $18) 36. Re1 $16) 33... Qxd8 (33... Nxe4 34. Ng4
$1 Rd7 (34... Qxd8 35. Rxd8 Rd7 36. Rb8 $1 $18) 35. Qxc7 Rxc7 36. Bxe5 Rd7 37.
Re1 Nd2 38. Nxd2 Rxd2 39. Nf6+ Bxf6 40. Bxf6 Rd3 (40... Bc8 41. Re7 $18) 41.
Re8 Rxb3 42. Be7 Rd3 (42... Rxb4 43. Rxf8+ Kg7 44. Rb8 $18) 43. Bxf8 $18) 34.
Rxd8 N6d7 (34... Rd7 35. Rb8 $18) 35. Nh4 $18 Kh7 36. Nhf5 gxf5 37. Nxf5 Bf6
38. Nxe7 Bxe7 39. Re8 Bg5 40. Bxf7 Kg7 41. Bb3 Bf6 42. f4 Ng6 43. f5 Ngf8 44.
h4 Kh7 45. Kh3 Kg7 46. g4 Kh7 47. Bc1 Bg7 48. g5 hxg5 49. hxg5 Kh8 1-0